Statistics for Nauru Decoder

Click here to take the quiz!

General Stats

  • This quiz has been taken 87 times
    (66 since last reset)
  • The average score is 8 of 17

Answer Stats

ClueAnswer% Correct
ROfficial name{Republic} of Nauru
95%
EOfficial languageEnglish
91%
NDo they drive on the right?No
91%
UBelonged to this country until 1968United Kingdom
88%
IWhat Nauru gained in 1968Independence
79%
OThe country consists of .... island(s)One
75%
OMajor health concern for the nationObesity
63%
KNearest countryKiribati
61%
ECountry that annexed Nauruthe German {Empire}
57%
PFormerly known as ...Pleasant Island
34%
BPresident (full name)Baron Waqa
25%
RWho lives in Nauru Regional Processing Centre?Refugees
23%
AUnlike many other countries, Nauru hasn't an ....Army
20%
IIATA code for Yaren AirportINU
13%
RRadio companyRadio Nauru
13%
Nauru, in NauruanRepubrikin Naoero
13%
NOnly formal political partyNauru First
9%

Score Distribution

Percentile by Number Answered

Percent of People with Each Score

Your Score History

You have not taken this quiz since the last reset